<?xml version="1.0" encoding="UTF-8"?>
<collection xmlns="http://www.loc.gov/MARC21/slim">
  <record>
    <leader>00000nam  2200000   4500</leader>
    <controlfield tag="001">INLIS000000000019956</controlfield>
    <controlfield tag="005">20250506022920</controlfield>
    <datafield tag="035" ind1="#" ind2="#">
      <subfield code="a">0010-0525000039</subfield>
    </datafield>
    <controlfield tag="007">ta</controlfield>
    <controlfield tag="008">250506################|##########|#|##</controlfield>
    <datafield tag="084" ind1="#" ind2="#">
      <subfield code="a">R 0053 PKN II 2024</subfield>
    </datafield>
    <datafield tag="100" ind1=" " ind2="#">
      <subfield code="a">Tekad Perbatas Setia Dewa</subfield>
    </datafield>
    <datafield tag="245" ind1="1" ind2="#">
      <subfield code="a">Strategi Pengembangan Paket Wisqata Tematik Untuk Meningkatkan Lama Tinggal Wisatawan Di Kabupaten SIAK /</subfield>
      <subfield code="c">Tekad Perbatas Setia Dewa</subfield>
    </datafield>
    <datafield tag="250" ind1="#" ind2="#">
      <subfield code="a">1</subfield>
    </datafield>
    <datafield tag="260" ind1="#" ind2="#">
      <subfield code="a">Jakarta :</subfield>
      <subfield code="b">Pusbangkom Pimnas,</subfield>
      <subfield code="c">202460</subfield>
    </datafield>
    <datafield tag="300" ind1="#" ind2="#">
      <subfield code="a">60 :</subfield>
      <subfield code="b">ilus ;</subfield>
      <subfield code="c">29 x 21 x 0,5</subfield>
    </datafield>
    <datafield tag="650" ind1="#" ind2="4">
      <subfield code="a">Layanan</subfield>
    </datafield>
    <datafield tag="520" ind1="#" ind2="#">
      <subfield code="a">Pariwisata memiliki peran yang sangat penting dalam pengembangan ekonomi&#13;
Indonesia. Sebagai negara kepulauan dengan beragam destinasi wisata alam, budaya,&#13;
sejarah, dan kuliner, Kabupaten Siak memiliki potensi besar untuk memanfaatkan sektor&#13;
pariwisata sebagai salah satu penggerak utama pertumbuhan ekonomi.&#13;
Pariwisata tidak hanya memberikan kontribusi dalam peningkatan pendapatan negara&#13;
melalui pajak dan retribusi pariwisata, namun juga memberikan dampak positif pada&#13;
pertumbuhan sektor lainnya. Industri pariwisata menciptakan lapangan kerja bagi&#13;
masyarakat lokal, baik di sektor formal maupun informal, seperti homestay, warung&#13;
makan, transportasi, dan kerajinan tangan.&#13;
Pengembangan pariwisata juga mendorong pertumbuhan sektor lainnya, seperti&#13;
industri kreatif, perdagangan, dan jasa. Dengan adanya wisatawan yang datang, berbagai&#13;
produk lokal dapat dipromosikan dan dijual, guna meningkatkan pendapatan bagi pelaku&#13;
usaha lokal.&#13;
Dalam pengembangan pariwisata tentu saja memiliki berbagai isu permasalahan yang&#13;
harus diselesaikan. Salah satu permasalahan tersebut adalah masih rendahnya lama tinggal&#13;
wisatawan. Untuk mengatasi permasalahan masih rendahnya lama tinggal wisatawan maka&#13;
dibuat inovasi pada Proyek Perubahan ini dengan Judul Strategi pengembangan Paket&#13;
Wisata Tematik untuk meningkatkan lama tinggal wisatawan di Kabupaten Siak.&#13;
Capaian utama jangka pendek yang dihasilkan dalam proyek perubahan ini adalah :&#13;
Peraturan Bupati Siak tentang Paket Wisata Tematik. Target penetapan jangka menengah&#13;
yang berhasil dicapai pada tahapan jangka pendek adalah sudah terimplementasinya&#13;
beberapa jenis paket wisata tematik di Kabupaten Siak.&#13;
Melalui proyek perubahan ini sinergitas stakeholder internal dan eksternal telah&#13;
dibangun, sehingga diharapkan mampu secara optimal meningkatkan jumlah kunjungan&#13;
wisatawan dan lama tinggal wisatawan&#13;
Selanjutnya hasil implementasi proyek perubahan ini akan terus dilakukan pemantauan&#13;
dan evaluasi, sehingga diharapkan target jangka panjang adalah menjadi tujuan utama&#13;
destinasi wisata di Sumatera.</subfield>
    </datafield>
    <datafield tag="856" ind1="#" ind2="#">
      <subfield code="a">Perpustakaan Pusat LAN</subfield>
    </datafield>
    <datafield tag="990" ind1="#" ind2="#">
      <subfield code="a">2024/1.2,2/A/0053</subfield>
    </datafield>
  </record>
</collection>
